[Event "Puerto Lopez op"]
[Site "Puerto Lopez"]
[Date "2021.08.01"]
[Round "6"]
[White "Melo Ramirez, Marlon Roman"]
[Black "Rojas Velasco, John Sebastian"]
[Result "1-0"]
[WhiteElo "1894"]
[BlackElo "1600"]
[PlyCount "47"]
[EventDate "2021.07.31"]
[EventType "swiss"]
[EventRounds "6"]
[EventCountry "COL"]
[SourceTitle "EXT 2022"]
[Source "ChessBase"]
[SourceDate "2021.10.06"]
[SourceVersion "1"]
[SourceVersionDate "2021.10.06"]
[SourceQuality "1"]

1. e4 c5 2. Nc3 Nc6 3. f4 d6 4. Nf3 e6 5. Bc4 Nf6 6. d3 a6 7. a3 Be7 8. 0-0 0-0 9. Bb3 b5 10. Qe1 Qb6 11. Kh1 Rd8 12. f5 exf5 13. Bg5 fxe4 14. dxe4 c4 15. Bxf6 cxb3 16. Nd5 Qb7 17. Nxe7+ Nxe7 18. Qg3 g6 19. Qh4 h5 20. Bxe7 Re8 21. Bxd6 Rxe4 22. Qd8+ Kh7 23. Ng5+ Kh6 24. Bf8# 1-0

[Event "COL-ch Visually disabled"]
[Site "Cartagena"]
[Date "2019.12.03"]
[Round "2.6"]
[White "Melo Ramirez, Marlon Roman"]
[Black "Riveros Ramirez, William Alonso"]
[Result "0-1"]
[WhiteElo "1891"]
[BlackElo "1651"]
[PlyCount "23"]
[EventDate "2019.12.03"]
[EventType "swiss"]
[EventRounds "7"]
[EventCountry "COL"]
[SourceTitle "EXT 2024"]
[Source "ChessBase"]
[SourceDate "2023.10.10"]
[SourceVersion "1"]
[SourceVersionDate "2023.10.10"]
[SourceQuality "1"]

1. e4 Nc6 2. d4 d5 3. e5 Bf5 4. h4 h6 5. c3 e6 6. Bd3 Nge7 7. g4 Bxd3 8. Qxd3 Ng6 9. h5 Nh4 10. Qh3 Be7 11. Bf4 g5 12. Bg3 0-1

[Event "Bogota Grand Prix Parada Bima 3rd"]
[Site "Bogota"]
[Date "2019.11.02"]
[Round "6.6"]
[White "Melo Ramirez, Marlon Roman"]
[Black "Romero, Juan Sebastian"]
[Result "0-1"]
[WhiteElo "1894"]
[BlackElo "1820"]
[PlyCount "64"]
[EventDate "2019.11.02"]
[EventType "swiss"]
[EventRounds "6"]
[EventCountry "COL"]
[SourceTitle "EXT 2024"]
[Source "ChessBase"]
[SourceDate "2023.10.10"]
[SourceVersion "1"]
[SourceVersionDate "2023.10.10"]
[SourceQuality "1"]

1. e4 c5 2. Nc3 d6 3. f4 Nc6 4. Nf3 g6 5. Bc4 Bg7 6. 0-0 e6 7. d3 Nge7 8. Qe1 a6 9. a3 Nd4 10. Nxd4 Bxd4+ 11. Be3 Bg7 12. Bb3 Nc6 13. f5 Nd4 14. fxg6 hxg6 15. Bxd4 Bxd4+ 16. Kh1 Be5 17. h3 Qh4 18. Qxh4 Rxh4 19. Rf3 Rf4 20. Raf1 Rxf3 21. Rxf3 b5 22. Nd1 Bb7 23. c3 Ke7 24. Kg1 f5 25. Re3 fxe4 26. dxe4 Rf8 27. Nf2 Bf4 28. Re2 c4 29. Bc2 Bc1 30. Bd1 Kf6 31. e5+ Ke7 32. exd6+ Kxd6 0-1

[Event "Bogota Grand Prix Parada Bima 3rd"]
[Site "Bogota"]
[Date "2019.11.02"]
[Round "5.3"]
[White "Osorio Polania, Hugo"]
[Black "Melo Ramirez, Marlon Roman"]
[Result "1/2-1/2"]
[WhiteElo "2010"]
[BlackElo "1894"]
[PlyCount "170"]
[EventDate "2019.11.02"]
[EventType "swiss"]
[EventRounds "6"]
[EventCountry "COL"]
[SourceTitle "EXT 2024"]
[Source "ChessBase"]
[SourceDate "2023.10.10"]
[SourceVersion "1"]
[SourceVersionDate "2023.10.10"]
[SourceQuality "1"]

1. Nf3 d5 2. d4 Nf6 3. c4 c6 4. Nc3 e6 5. Bg5 Be7 6. e3 Nbd7 7. Qc2 0-0 8. Bd3 dxc4 9. Bxc4 h6 10. Bh4 a6 11. 0-0 b5 12. Be2 Bb7 13. Rac1 Rc8 14. Rfd1 c5 15. dxc5 Rxc5 16. b4 Rc8 17. Qb3 Qb6 18. a3 Rfd8 19. h3 g5 20. Bg3 Nd5 21. Ne5 Nxe5 22. Bxe5 Nxc3 23. Bxc3 Rxd1+ 24. Bxd1 Bf6 25. Bd4 Bxd4 26. Rxc8+ Bxc8 27. exd4 Qxd4 28. Bf3 Kg7 29. Qc2 Bd7 30. Qc7 e5 31. Qb7 Be6 32. Qxa6 Bc4 33. Qa8 Qa1+ 34. Kh2 Qe1 35. Qe4 Qxe4 36. Bxe4 Kf6 37. Kg3 Ke6 38. Kf3 f5 39. Ba8 e4+ 40. Ke3 Ke5 41. Kd2 Bf1 42. Bc6 Kd4 43. g3 f4 44. Bd7 e3+ 45. fxe3+ fxe3+ 46. Ke1 Bc4 47. a4 bxa4 48. Bxa4 Be6 49. h4 gxh4 50. gxh4 Kc4 51. Be8 Bg4 52. b5 Kc5 53. Kf1 Bd1 54. Ke1 Ba4 55. b6 Kxb6 56. Bxa4 Kc7 57. Ke2 Kd6 58. Kxe3 Ke5 59. Bd7 Kd6 60. Bc8 Ke5 61. Bg4 Kf6 62. Kf4 Kg6 63. Bf3 Kf6 64. Bh5 Kg7 65. Kf5 Kh7 66. Kf6 Kg8 67. Kg6 Kh8 68. Kxh6 Kg8 69. Bg6 Kh8 70. Be4 Kg8 71. h5 Kh8 72. Bc6 Kg8 73. Be8 Kh8 74. Kg6 Kg8 75. h6 Kh8 76. Kf6 Kh7 77. Kg5 Kh8 78. Bg6 Kg8 79. Kf6 Kh8 80. Ke7 Kg8 81. h7+ Kh8 82. Ke6 Kg7 83. Ke5 Kh8 84. Kf5 Kg7 85. Kg5 Kh8 1/2-1/2

[Event "COL-ch"]
[Site "Ibague"]
[Date "2013.07.06"]
[Round "9"]
[White "Melo Ramirez, Marlon Roman"]
[Black "Sosa Florez, Juan Sebastian"]
[Result "0-1"]
[WhiteElo "1914"]
[BlackElo "1671"]
[PlyCount "112"]
[EventDate "2013.07.01"]
[EventType "swiss"]
[EventRounds "11"]
[EventCountry "COL"]
[SourceTitle "EXT 2014"]
[Source "ChessBase"]
[SourceDate "2013.11.20"]
[SourceVersion "1"]
[SourceVersionDate "2013.11.20"]
[SourceQuality "1"]

1. e4 c5 2. Nc3 e6 3. f4 Nc6 4. Nf3 g6 5. Bc4 Bg7 6. d3 Nf6 7. 0-0 0-0 8. Bb3 d6 9. Qe1 Nd7 10. Kh1 Nb6 11. f5 Nd4 12. Nxd4 cxd4 13. Ne2 exf5 14. Qg3 fxe4 15. Bg5 Qd7 16. h3 exd3 17. cxd3 d5 18. Bf6 Bxf6 19. Rxf6 Qe7 20. Qf2 Re8 21. Nxd4 Bf5 22. Rxb6 axb6 23. Nxf5 gxf5 24. Qxf5 Qe6 25. Rf1 Qxf5 26. Rxf5 Rad8 27. Bxd5 Rd7 28. a4 Kg7 29. Kh2 Kg6 30. Be4 Kg7 31. Kg3 Rd4 32. Rb5 Re6 33. Kf3 f6 34. Ke3 Rxa4 35. b4 f5 36. Rxf5 Rxb4 37. Kd2 Rbxe4 38. dxe4 Rxe4 39. Rd5 Rf4 40. Rd7+ Rf7 41. Rxf7+ Kxf7 42. Kc3 Kf6 43. Kc4 Kf5 44. Kb5 Kf4 45. Kxb6 Kg3 46. Kxb7 Kxg2 47. h4 Kg3 48. h5 Kg4 49. h6 Kg5 50. Kc6 Kxh6 51. Kd5 Kg5 52. Ke4 Kg4 53. Ke3 Kg3 54. Ke2 Kg2 55. Ke3 h5 56. Kf4 h4 0-1

[Event "COL-ch"]
[Site "Ibague"]
[Date "2013.07.05"]
[Round "8"]
[White "Ruge, Edison"]
[Black "Melo Ramirez, Marlon Roman"]
[Result "1-0"]
[WhiteElo "2231"]
[BlackElo "1914"]
[PlyCount "59"]
[EventDate "2013.07.01"]
[EventType "swiss"]
[EventRounds "11"]
[EventCountry "COL"]
[SourceTitle "EXT 2014"]
[Source "ChessBase"]
[SourceDate "2013.11.20"]
[SourceVersion "1"]
[SourceVersionDate "2013.11.20"]
[SourceQuality "1"]

1. e4 e5 2. Nf3 d6 3. d4 Nd7 4. Bc4 c6 5. 0-0 Be7 6. c3 Nb6 7. Bb3 Qc7 8. Ng5 Bxg5 9. Bxg5 f6 10. Be3 Ne7 11. f4 exf4 12. Bxf4 Ng6 13. Bg3 Qe7 14. e5 d5 15. exf6 gxf6 16. Re1 Be6 17. Bc2 Kd7 18. Bf5 Nf8 19. Qg4 Re8 20. Qf4 Rc8 21. Nd2 c5 22. Nb3 Na4 23. Re2 c4 24. Rae1 Rc6 25. Na5 Rb6 26. Qc7+ Ke8 27. Qc8+ Kf7 28. Bxe6+ Rxe6 29. Rxe6 Nxe6 30. Qxh8 1-0

[Event "Bogota McGregor op 3rd"]
[Site "Bogota"]
[Date "2012.12.16"]
[Round "8"]
[White "Melo Ramirez, Marlon Roman"]
[Black "Ruiz Aguilar, Pablo Alexander"]
[Result "0-1"]
[WhiteElo "1919"]
[BlackElo "2339"]
[PlyCount "106"]
[EventDate "2012.12.12"]
[EventType "swiss"]
[EventRounds "9"]
[EventCountry "COL"]
[SourceTitle "EXT 2014"]
[Source "ChessBase"]
[SourceDate "2013.11.20"]
[SourceVersion "1"]
[SourceVersionDate "2013.11.20"]
[SourceQuality "1"]

1. e4 c5 2. Nc3 Nc6 3. f4 g6 4. Nf3 Bg7 5. Bc4 e6 6. 0-0 Nge7 7. Qe1 Nd4 8. Nxd4 cxd4 9. Ne2 d5 10. exd5 Nxd5 11. f5 gxf5 12. Qg3 Bf6 13. d3 Nb6 14. Bb3 Bd7 15. Bf4 Bh4 16. Qg7 Bf6 17. Qg3 Bc6 18. Be5 Bxe5 19. Qxe5 Qg5 20. Nf4 0-0-0 21. Rf2 Rhg8 22. Re1 Nd5 23. Bxd5 Bxd5 24. c4 Bc6 25. b4 Qe7 26. b5 Be8 27. Nd5 Qc5 28. Nf6 Qxe5 29. Rxe5 Rg6 30. Nxe8 Kd7 31. Rf4 Kxe8 32. Rfxf5 Ke7 33. Rh5 h6 34. Rh4 f5 35. Kf2 Rdg8 36. g3 Kd6 37. Re2 e5 38. Kf3 Rf8 39. h3 Re6 40. Kg2 Kc5 41. Rh5 Kb4 42. Rc2 e4 43. dxe4 fxe4 44. Rd5 d3 45. Rc1 Ref6 46. a3+ Kb3 47. c5 Rf2+ 48. Kg1 Rc2 49. Rd1 Rff2 50. R5xd3+ exd3 51. Rxd3+ Ka4 52. c6 bxc6 53. bxc6 Rfd2 0-1

[Event "Bogota Ingenieria IRT"]
[Site "Bogota"]
[Date "2012.10.30"]
[Round "8"]
[White "Nieto, Manuel Valerio Wald"]
[Black "Melo Ramirez, Marlon Roman"]
[Result "1/2-1/2"]
[WhiteElo "1927"]
[BlackElo "1932"]
[PlyCount "75"]
[EventDate "2012.10.27"]
[EventType "tourn"]
[EventRounds "10"]
[EventCountry "COL"]
[SourceTitle "EXT 2015"]
[Source "ChessBase"]
[SourceDate "2014.11.20"]
[SourceVersion "1"]
[SourceVersionDate "2014.11.20"]
[SourceQuality "1"]

1. Nf3 Nf6 2. g3 c5 3. Bg2 Nc6 4. c4 d5 5. 0-0 g6 6. d3 Bg7 7. Na3 0-0 8. Rb1 Nb4 9. Bd2 Be6 10. Ng5 Bc8 11. Qb3 a5 12. Nb5 d4 13. Bf4 Na6 14. Qa3 Ne8 15. Ne4 Qb6 16. Qb3 Bd7 17. Nxd4 Nb4 18. Nf3 a4 19. Qd1 Nxa2 20. Be3 Ra5 21. b4 axb3 22. Qxb3 Qxb3 23. Rxb3 Bc6 24. Nxc5 Nd6 25. Nd2 Nc3 26. Re1 Bxg2 27. Kxg2 b5 28. cxb5 Ndxb5 29. Nde4 Nxe4 30. Nxe4 Nd4 31. Bxd4 Bxd4 32. Reb1 Ra2 33. Kf3 h6 34. Rb4 f5 35. Rxd4 fxe4+ 36. Ke3 exd3 37. Rxd3 Rf6 38. Rd4 1/2-1/2

[Event "Bogota Ingenieria IRT"]
[Site "Bogota"]
[Date "2012.10.29"]
[Round "6"]
[White "Melo Ramirez, Marlon Roman"]
[Black "Parra, Diego Alexander"]
[Result "1-0"]
[WhiteElo "1932"]
[BlackElo "1946"]
[PlyCount "61"]
[EventDate "2012.10.27"]
[EventType "tourn"]
[EventRounds "10"]
[EventCountry "COL"]
[SourceTitle "EXT 2015"]
[Source "ChessBase"]
[SourceDate "2014.11.20"]
[SourceVersion "1"]
[SourceVersionDate "2014.11.20"]
[SourceQuality "1"]

1. e4 c5 2. Nc3 Nc6 3. f4 g6 4. Nf3 Bg7 5. Bc4 Na5 6. Be2 d6 7. 0-0 Nf6 8. Kh1 0-0 9. d4 cxd4 10. Nxd4 Nc6 11. Be3 a6 12. Bf3 Qc7 13. Qd2 Rb8 14. Rad1 Na5 15. b3 b5 16. Nd5 Nxd5 17. exd5 Bd7 18. f5 Rbc8 19. Be4 Qc3 20. f6 Bxf6 21. Rxf6 Qxd2 22. Bxd2 Nxb3 23. Rxg6+ fxg6 24. axb3 Bg4 25. Ra1 Rce8 26. h3 Bc8 27. Kg1 Rf6 28. Bg5 Rf7 29. Ne6 h6 30. Bxh6 Kh7 31. Ng5+ 1-0

[Event "Bogota op 03"]
[Site "Bogota"]
[Date "2012.03.17"]
[Round "5"]
[White "Melo Ramirez, Marlon Roman"]
[Black "Pereira Vera, Henry Alberto"]
[Result "0-1"]
[WhiteElo "1939"]
[BlackElo "2086"]
[PlyCount "84"]
[EventDate "2012.03.15"]
[EventType "swiss"]
[EventRounds "7"]
[EventCountry "COL"]
[SourceTitle "CBM 147 Extra"]
[Source "ChessBase"]
[SourceDate "2012.04.24"]
[SourceVersion "1"]
[SourceVersionDate "2012.04.24"]
[SourceQuality "1"]

1. e4 d5 2. exd5 Qxd5 3. Nc3 Qd6 4. d4 Nf6 5. Bc4 a6 6. Nge2 Qc6 7. Qd3 Qxg2 8. Rg1 Qh3 9. Qxh3 Bxh3 10. Nf4 Bf5 11. Nfd5 Kd8 12. Bf4 Ne8 13. 0-0-0 Nd6 14. Bb3 Nd7 15. Na4 e6 16. Ne3 Be4 17. Nc5 Bf3 18. Rde1 b6 19. Nxd7 Kxd7 20. d5 exd5 21. Nxd5 Re8 22. Ne3 f6 23. Bxd6 cxd6 24. Rg3 Bh5 25. Rh3 g6 26. Rg1 Bh6 27. c4 Bf4 28. Ba4+ b5 29. cxb5 Re4 30. b3 Rc8+ 31. Kb2 Be5+ 32. Kb1 Be2 33. bxa6+ Rxa4 34. Nd5 Rxa6 35. f4 Bd4 36. Re1 Re8 37. Rxh7+ Kd8 38. Nb4 Rb6 39. a3 Rxb4 40. axb4 Bd3+ 41. Kc1 Rxe1+ 42. Kd2 Re3 0-1

[Event "Bogota Univ Central op-A 5th"]
[Site "Bogota"]
[Date "2011.10.14"]
[Round "3.1"]
[White "Almanza, Rafael Andres"]
[Black "Melo Ramirez, Marlon Roman"]
[Result "1-0"]
[WhiteElo "2163"]
[BlackElo "1950"]
[PlyCount "47"]
[EventDate "2011.10.13"]
[EventType "swiss"]
[EventRounds "9"]
[EventCountry "COL"]
[SourceTitle "EXT 2024"]
[Source "ChessBase"]
[SourceDate "2023.10.10"]
[SourceVersion "1"]
[SourceVersionDate "2023.10.10"]
[SourceQuality "1"]

1. e4 c5 2. Nf3 Nc6 3. d4 cxd4 4. Nxd4 Nf6 5. Nc3 e5 6. Ndb5 d6 7. Bg5 a6 8. Na3 b5 9. Bxf6 gxf6 10. Nd5 f5 11. Bd3 Be6 12. 0-0 Bg7 13. Qh5 0-0 14. exf5 e4 15. Bxe4 Bxd5 16. Bxd5 Bxb2 17. Rad1 Rc8 18. Rd3 Qf6 19. Nb1 h6 20. Nd2 Ne7 21. Rg3+ Kh7 22. Ne4 Qxf5 23. Ng5+ Kg7 24. Nxf7+ 1-0

[Event "Bogota Mayores Distrital op"]
[Site "Bogota"]
[Date "2011.08.11"]
[Round "1"]
[White "Ruiz Aguilar, Pablo Alexander"]
[Black "Melo Ramirez, Marlon Roman"]
[Result "1-0"]
[WhiteElo "2277"]
[BlackElo "1979"]
[PlyCount "75"]
[EventDate "2011.08.11"]
[EventType "swiss"]
[EventRounds "9"]
[EventCountry "COL"]
[SourceTitle "CBM 143 Extra"]
[Source "ChessBase"]
[SourceDate "2011.08.29"]
[SourceVersion "1"]
[SourceVersionDate "2011.08.29"]
[SourceQuality "1"]

1. e4 c5 2. Nf3 Nc6 3. Nc3 d6 4. d4 cxd4 5. Nxd4 Nf6 6. Be2 e6 7. 0-0 Be7 8. Be3 0-0 9. Kh1 a6 10. f4 Qc7 11. Qe1 Bd7 12. Qg3 Kh8 13. Nf3 Rac8 14. e5 Ne8 15. a3 Na5 16. Nd2 b5 17. Bd3 Nc4 18. Qh3 g6 19. Bxc4 bxc4 20. Bd4 d5 21. Qh6 f5 22. exf6 Nxf6 23. Nf3 Rf7 24. Ng5 Rg7 25. Rae1 Qc6 26. Re2 Re8 27. Rfe1 Bd8 28. f5 e5 29. Rxe5 Rxe5 30. Bxe5 Bxf5 31. Nxh7 Kg8 32. Nxf6+ Bxf6 33. Bxf6 Qxf6 34. Nxd5 Qxb2 35. c3 Be6 36. Nf6+ Kf7 37. Ne4 Bf5 38. Nd6+ 1-0